Deutsche Hochzeitsbrèauche / (Record no. 62238)

MARC details
000 -LEADER
campo de control de longitud fija 00417nam a2200145 i 4500
001 - NÚMERO DE CONTROL
campo de control 62238
003 - IDENTIFICADOR DE NÚMERO DE CONTROL
campo de control ES-MaACL
007 - CAMPO FIJO DE DESCRIPCIÓN FÍSICA--INFORMACIÓN GENERAL
campo de control de longitud fija t|
008 - DATOS DE LONGITUD FIJA--INFORMACIÓN GENERAL
campo de control de longitud fija 031119s1937 gw ||||1| ger d
100 1# - ENTRADA PRINCIPAL--NOMBRE DE PERSONA
Nombre de persona Fehrle, Eugen.
9 (RLIN) 49095
245 10 - MENCIÓN DEL TÍTULO
Título Deutsche Hochzeitsbrèauche /
Mención de responsabilidad, etc. Eugen Fehrle.
260 ## - PUBLICACIÓN, DISTRIBUCIÓN, ETC.
Lugar de publicación, distribución, etc. Jena :
Nombre del editor, distribuidor, etc. Diederichs,
Fecha de publicación, distribución, etc. [1937] (
Lugar de fabricación/manufactura Leipzig :
Fabricante Spamer)
300 ## - DESCRIPCIÓN FÍSICA
Extensión 75 p., 26 lám. ;
Dimensiones 20 cm.
852 ## - LOCALIZACIÓN
Ubicación ES-MaACL
Número de control de estantería B-9818
Sublocalización o colección R.19124
Holdings
Estatus retirado Estado de pérdida Estado de daño No para préstamo Biblioteca de origen Biblioteca actual Ubicación en estantería Fecha de adquisición Fuente de adquisición Total de préstamos Signatura topográfica completa Código de barras Visto por última vez Precio de reemplazo Tipo de ítem Koha
        Biblioteca del Ateneo de Madrid Biblioteca del Ateneo de Madrid Sala Pardo Bazán 17/01/2008     B-9818 1065247 23/02/2023 23/02/2023 Libro impreso